Statistiques concernant Trouver le Pokemon zoomé #2

Cliquez ici pour prendre le quiz!

Statistiques générales

  • Ce quiz a été pris 66 fois
  • Le résultat moyen est 5 sur 8

Statistiques - réponses

Réponse% Correct
Airmure
100%
Balignon
100%
Keunotor
100%
Solochi
100%
Maskadra
93%
Miaouss
93%
Chrysacier
90%
Magnézone
90%
Sabelette
90%
Moumouton
89%
Pikachu
89%
Ponchien
89%
Mystherbe
88%
Togekiss
88%
Trompignon
88%
Latias
83%
Teddiursa
80%
Mélodelfe
78%
Noarfang
78%
Grenousse
73%
Fragilady
67%
Abra
63%
Zarude
63%
Blindalys
60%
Cobaltium
60%
Hariyama
60%
Salarsen
57%
Corayôme
56%
Forgerette
50%
Magearna
50%
Mateloutre
50%
Meltan
50%
Monaflèmit
50%
Octillery
50%
Rongrigou
50%
Togedemaru
50%
Amagara
45%
Couafarel
45%
Mistigrix
43%
Pâtachiot
43%
Blizzeval
40%
Chongjian
36%
Vortente
36%
Bruyverne
33%
Tritonde
29%
Croquine
25%
Roucoups
14%
Écaïd
10%

Distribution des résultats

Percentile par nombre de réponses

% des personnes avec chaque résultat

Votre développement - résultats

Vous n’avez pas pris ce quiz